| 000 | 00416 a2200145 4500 | ||
|---|---|---|---|
| 999 |
_c5913 _d5913 |
||
| 020 | _a9788188826445 | ||
| 050 | _aSB599 DUB 2012 | ||
| 100 |
_aDube, H. C. _eauthor |
||
| 245 |
_aModern plant pathology / _cH. C. Dube |
||
| 264 |
_ajodhpur : _bAgrobios (India), _cc2012 |
||
| 300 |
_a612p. : _bill. |
||
| 500 | _aIncludes bibliographical references and index | ||
| 650 | _aPlant diseases | ||
| 942 |
_2lcc _cBK _h599 _iDUB _kSB |
||